[Event "Elitserien(Astorp-Rockaden)"]
[Site "?"]
[Date "2004.??.??"]
[Round "2"]
[White "Vilchez, Victor"]
[Black "Sandklef, Ake"]
[Result "1-0"]
[WhiteElo "2376"]
[BlackElo "1938"]
[PlyCount "109"]

1. e4 e6 2. d4 d5 3. Nd2 Nc6 4. c3 Nf6 5. e5 Nd7 6. Bd3 f5 7. Ne2 Qe7 8. Nf4
Nb6 9. a4 a5 10. h4 Qf7 11. Nf3 Be7 12. Ng5 Bxg5 13. hxg5 Ne7 14. b3 Bd7 15.
Ba3 g6 16. Qf3 Bc6 17. Qg3 Nd7 18. O-O-O O-O-O 19. Rh6 Rhg8 20. Rdh1 Rg7 21.
Kb2 Nf8 22. Qe3 Qe8 23. Bc2 Qd7 24. f3 b6 25. Nd3 Rf7 26. Ra1 Bb7 27. b4 Nc6
28. f4 Kb8 29. Nc1 Ka7 30. Nb3 Qe8 31. Bd3 Ra8 32. Bb5 Kb8 33. bxa5 bxa5 34.
Bxf8 Qxf8 35. Nc5 Qc8 36. Rb1 Ra7 37. Kc2 Nd8 38. Nxb7 Nxb7 39. Bc6 Qf8 40. Rb3
Kc8 41. Qd3 Nd8 42. Qb5 Nxc6 43. Qxc6 Re7 44. Qc5 Ra8 45. Rxh7 Kd7 46. Rb7 Rc8
47. Rh6 Kd8 48. Rxg6 Qe8 49. Rh6 Qxa4+ 50. Kb2 Qd1 51. Qc6 Qd2+ 52. Ka3 Qc1+
53. Ka2 Re8 54. Rh7 Qc2+ 55. Rb2 1-0

[Event "Elitserien(Astorp-Rockaden)"]
[Site "?"]
[Date "2004.??.??"]
[Round "2"]
[White "Olsson, Fredric"]
[Black "Livner, Anders"]
[Result "0-1"]
[WhiteElo "1712"]
[BlackElo "2341"]
[PlyCount "62"]

1. e4 c5 2. Nf3 d6 3. d4 cxd4 4. Nxd4 Nf6 5. Nc3 a6 6. Be3 e5 7. Nb3 Be6 8. Bd3
Be7 9. O-O O-O 10. a4 Nbd7 11. a5 Rc8 12. f4 exf4 13. Bxf4 Ne5 14. Nd4 Rc5 15.
Na4 Nxd3 16. cxd3 Rxa5 17. b4 Rh5 18. Nxe6 fxe6 19. Qb3 d5 20. Nc5 Qb6 21. Qa3
dxe4 22. d4 Nd5 23. Be5 Rxe5 24. Rxf8+ Bxf8 25. dxe5 Nxb4 26. Qa4 Qxc5+ 27. Kf1
Qc4+ 28. Kf2 Qd4+ 29. Kg3 Qe3+ 30. Kg4 Nd3 31. g3 Nf2+ 0-1

[Event "Elitserien(Kamraterna-Passanten)"]
[Site "?"]
[Date "2004.??.??"]
[Round "2"]
[White "Sandstrom, Ludvig"]
[Black "Wallin, Dennis"]
[Result "1/2-1/2"]
[WhiteElo "2392"]
[BlackElo "2279"]
[PlyCount "48"]

1. Nf3 b6 2. d4 Bb7 3. c4 e6 4. a3 c5 5. d5 d6 6. Nc3 Nf6 7. e4 e5 8. g3 g6 9.
Bg2 Bg7 10. O-O O-O 11. Ne1 Nbd7 12. Nd3 a6 13. a4 Ne8 14. Bd2 Nc7 15. f4 exf4
16. gxf4 b5 17. axb5 axb5 18. cxb5 Bd4+ 19. Kh1 f5 20. Ne2 Bg7 21. exf5 Rxf5
22. Ng3 Rxa1 23. Qxa1 Rf7 24. f5 Bxd5 1/2-1/2

[Event "Elitserien(Kamraterna-Passanten)"]
[Site "?"]
[Date "2004.??.??"]
[Round "2"]
[White "Hamark, Jesper"]
[Black "Lundin, Anders"]
[Result "1-0"]
[WhiteElo "2305"]
[BlackElo "2219"]
[PlyCount "49"]

1. c4 Nf6 2. Nc3 c5 3. Nf3 Nc6 4. d4 cxd4 5. Nxd4 g6 6. g3 Bg7 7. Bg2 O-O 8.
O-O Ng4 9. e3 d6 10. Nde2 Qa5 11. Nd5 Nge5 12. Bd2 Qd8 13. b3 e6 14. Nb4 Bd7
15. Bc3 Qc7 16. Nc2 Rfd8 17. f4 Ng4 18. Bxg7 Kxg7 19. Ned4 Nf6 20. e4 Nxd4 21.
Qxd4 Bc6 22. Rae1 Qa5 23. Qb2 Qd2 24. b4 Qd3 25. Rf3 1-0

[Event "Elitserien(Kamraterna-Passanten)"]
[Site "?"]
[Date "2004.??.??"]
[Round "2"]
[White "Madebrink, Lars"]
[Black "Danielsson, Robert"]
[Result "1-0"]
[WhiteElo "2216"]
[BlackElo "1985"]
[PlyCount "75"]

1. e4 c5 2. Nf3 d6 3. d4 cxd4 4. Nxd4 Nf6 5. Nc3 g6 6. g3 d5 7. exd5 Bg7 8.
Nde2 O-O 9. Bg2 Nbd7 10. O-O Nb6 11. h3 Nc4 12. b3 Nd6 13. Bb2 Bd7 14. Nd4 Qa5
15. Re1 Rfe8 16. a4 a6 17. Qd3 Rac8 18. Rad1 Rc5 19. Na2 Rcc8 20. c4 Nf5 21.
Bc3 Qc7 22. a5 Nd6 23. Bb4 Nf5 24. Nxf5 Bxf5 25. Qd2 b5 26. c5 Red8 27. Qe3 Bf8
28. c6 Re8 29. Rd2 Rcd8 30. Qb6 Qc8 31. Kh2 h5 32. Bc3 Nh7 33. Nb4 e6 34. dxe6
Bxe6 35. Rxd8 Rxd8 36. c7 Rd7 37. Nxa6 Bxb3 38. Bb7 1-0

[Event "Elitserien(Limhamn-Farsta)"]
[Site "?"]
[Date "2004.??.??"]
[Round "2"]
[White "Backelin, Rikard"]
[Black "Hector, Jonny"]
[Result "0-1"]
[WhiteElo "2394"]
[BlackElo "2637"]
[PlyCount "220"]

1. Nf3 d5 2. d4 Nf6 3. c4 c6 4. cxd5 cxd5 5. Nc3 Nc6 6. Bf4 Bf5 7. e3 e6 8. Bd3
Ne4 9. Bxe4 Bxe4 10. O-O Bxf3 11. Qxf3 Be7 12. Rfc1 g5 13. Be5 f6 14. Qh5+ Kf8
15. Bg3 Kg7 16. Na4 Qd7 17. h4 h6 18. Nc5 Bxc5 19. Rxc5 Qf7 20. Qe2 Rad8 21.
Rac1 Rd7 22. a3 Rg8 23. b4 Kh8 24. Qf3 Rg7 25. Qg4 Ne7 26. Rc7 Nf5 27. Rc8+ Kh7
28. hxg5 Rxg5 29. Qf4 Nd6 30. Qxd6 Rxd6 31. Bxd6 Qh5 32. R1c7+ Rg7 33. Rxg7+
Kxg7 34. Rc7+ Kg6 35. Rxb7 Qe2 36. Bg3 Qa6 37. Rb8 Qxa3 38. Kh2 Qc3 39. b5 Qd3
40. Rb7 Qe2 41. Rxa7 Qxb5 42. Rc7 Qe2 43. Re7 Kf5 44. Kg1 Qe1+ 45. Kh2 Qb4 46.
Rh7 Kg6 47. Rd7 Qa4 48. Rc7 Qe8 49. Rc5 Kf5 50. f3 Kg6 51. Bf2 h5 52. Bg3 Qa4
53. Rc7 Qa3 54. Bf4 e5 55. dxe5 fxe5 56. Bxe5 Qxe3 57. Re7 d4 58. Bd6 Qc1 59.
Re4 d3 60. Bf4 d2 61. Bxd2 Qxd2 62. Kg3 Kf5 63. Kh3 Qf2 64. Kh2 Kg5 65. Re5+
Kg6 66. Re4 Kf5 67. Kh3 Qg1 68. Kg3 Qh1 69. Rh4 Qe1+ 70. Kh3 Kg5 71. Re4 Qg1
72. Re5+ Kf4 73. Re4+ Kf5 74. Kg3 Qh1 75. Rf4+ Kg5 76. Re4 h4+ 77. Kf2 h3 78.
gxh3 Qxh3 79. Rg4+ Kf5 80. Re4 Qh2+ 81. Ke3 Qg1+ 82. Ke2 Qg2+ 83. Ke3 Qf1 84.
Rf4+ Ke5 85. Re4+ Kd5 86. Rd4+ Kc5 87. Re4 Qe1+ 88. Kf4 Qf2 89. Kg4 Kd6 90. Kf4
Qg1 91. Re2 Kd5 92. Rd2+ Ke6 93. Re2+ Kf6 94. Ke4 Kg5 95. Re3 Qb1+ 96. Rd3 Qe1+
97. Kd4 Kf4 98. Kc4 Ke5 99. Rd5+ Kf4 100. Rd3 Qc1+ 101. Rc3 Qd2 102. Rd3 Qb2
103. Rc3 Qa1 104. Kb4 Ke5 105. Kc4 Qa6+ 106. Kc5 Qa5+ 107. Kc4 Qd5+ 108. Kb4
Kd4 109. Rb3 Qc5+ 110. Ka4 Kc4 0-1

[Event "Elitserien(Limhamn-Farsta)"]
[Site "?"]
[Date "2004.??.??"]
[Round "2"]
[White "Jaderberg, Bjorn"]
[Black "Schneider, Stefan"]
[Result "1/2-1/2"]
[WhiteElo "2275"]
[BlackElo "2433"]
[PlyCount "56"]

1. c4 Nf6 2. Nc3 e5 3. g3 Nc6 4. Bg2 Bc5 5. e3 O-O 6. Nge2 d5 7. cxd5 Nb4 8. d4
exd4 9. exd4 Be7 10. O-O Nbxd5 11. Nxd5 Nxd5 12. Nf4 Nxf4 13. Bxf4 Bd6 14. Qd2
Bxf4 15. Qxf4 c6 16. Rfd1 Be6 17. h4 Qd7 18. Rd2 Rfd8 19. a3 Qd6 20. Qe3 Rd7
21. Bf3 a5 22. Rc1 a4 23. Rc5 Rad8 24. Re5 h6 25. Bd1 Ra8 26. Bc2 Kf8 27. h5
Re7 28. Re2 Bc4 1/2-1/2

[Event "Elitserien(Limhamn-Farsta)"]
[Site "?"]
[Date "2004.??.??"]
[Round "2"]
[White "Mansson, Lars"]
[Black "Lindeman, Sven"]
[Result "0-1"]
[WhiteElo "2203"]
[BlackElo "2243"]
[PlyCount "74"]

1. e4 e5 2. Nf3 Nc6 3. Nc3 Nf6 4. Bb5 Bb4 5. O-O O-O 6. d3 d6 7. Bg5 Bxc3 8.
bxc3 h6 9. Bh4 Kh8 10. d4 Qe7 11. Re1 Rg8 12. Bxc6 bxc6 13. dxe5 dxe5 14. Qd3
Rb8 15. Bg3 Nd7 16. Nh4 Nc5 17. Qe3 Rb5 18. Nf5 Bxf5 19. exf5 f6 20. Rad1 Qf7
21. Bh4 Qh5 22. Qh3 Rf8 23. g4 Qf7 24. Qf3 Rb6 25. Qe3 Qc4 26. f4 Na4 27. h3
Nxc3 28. fxe5 Nxd1 29. Rxd1 Qxc2 30. Rc1 Rb1 31. Rxb1 Qxb1+ 32. Be1 fxe5 33.
Qxe5 Qd3 34. Bc3 Qd7 35. h4 Re8 36. Qf4 Qd1+ 37. Kg2 Re2+ 0-1

[Event "Elitserien(Limhamn-Farsta)"]
[Site "?"]
[Date "2004.??.??"]
[Round "2"]
[White "Brontz, Alexander"]
[Black "Holst, Conny"]
[Result "0-1"]
[WhiteElo "2188"]
[BlackElo "2262"]
[PlyCount "106"]

1. d4 Nf6 2. c4 g6 3. Nc3 Bg7 4. e4 d6 5. f4 c5 6. d5 O-O 7. Nf3 e6 8. Be2 exd5
9. cxd5 b5 10. e5 dxe5 11. fxe5 Ng4 12. Bxb5 Nxe5 13. O-O Nbd7 14. Bf4 Qb6 15.
Nxe5 Nxe5 16. Qe2 Bg4 17. Qd2 a6 18. Rae1 c4+ 19. Kh1 Nd3 20. Bxc4 Nxe1 21.
Rxe1 Rfe8 22. Rf1 Rac8 23. b3 Qb4 24. Ne4 Qxd2 25. Nxd2 Be2 26. Bxe2 Rxe2 27.
Nc4 Rxa2 28. Nb6 Rc3 29. h3 Rxb3 30. Nc8 Ra1 31. Rxa1 Bxa1 32. d6 Rd3 33. Nb6
Bf6 34. Nd7 Bd8 35. Nc5 Rd1+ 36. Kh2 g5 37. Bg3 Bb6 38. Nxa6 Bg1+ 39. Kh1 Bf2+
40. Kh2 Bxg3+ 41. Kxg3 Rxd6 42. Nc5 Rd4 43. Kf3 h5 44. Ne4 Rxe4 45. Kxe4 Kg7
46. Kf5 f6 47. g3 Kf7 48. h4 g4 49. Ke4 Ke6 50. Kf4 f5 51. Kg5 Ke5 52. Kxh5 Kf6
53. Kh6 f4 0-1

[Event "Elitserien(Limhamn-Farsta)"]
[Site "?"]
[Date "2004.??.??"]
[Round "2"]
[White "Nylen, Anders"]
[Black "Backlin, Stefan"]
[Result "1-0"]
[WhiteElo "2242"]
[BlackElo "2120"]
[PlyCount "107"]

1. d4 d5 2. c4 e6 3. Nc3 Nf6 4. cxd5 exd5 5. Bg5 Be7 6. Qc2 O-O 7. e3 c6 8. Bd3
Nbd7 9. Nge2 Re8 10. O-O Nf8 11. Rfb1 a5 12. a3 Ne4 13. Bf4 Nxc3 14. Qxc3 Ng6
15. Bg3 Bd6 16. b4 axb4 17. axb4 Rxa1 18. Rxa1 Qe7 19. Bxd6 Qxd6 20. b5 Bd7 21.
bxc6 Bxc6 22. Qb3 Ne7 23. Nc3 g6 24. Ra5 Kg7 25. Be2 f5 26. Bf3 Rd8 27. g3 Kf6
28. Na4 Nc8 29. Nb6 Nxb6 30. Qxb6 Ke7 31. Ra7 Qd7 32. Be2 Qd6 33. Ba6 Rd7 34.
Bd3 Qc7 35. Qb3 Qd6 36. Ra8 Rd8 37. Ra7 Rd7 38. Bb5 Ke6 39. Qa4 Ke7 40. Bxc6
bxc6 41. Ra6 Rc7 42. Ra8 Rd7 43. Rc8 Rc7 44. Rh8 Kf6 45. Qa8 Qe7 46. h4 Kg7 47.
Re8 Qb4 48. Qd8 Rb7 49. Rg8+ Kf7 50. Qe8+ Kf6 51. Qe5+ Kf7 52. Rg7+ Kf8 53.
Qf6+ Ke8 54. Qe6+ 1-0

[Event "Elitserien(Limhamn-Farsta)"]
[Site "?"]
[Date "2004.??.??"]
[Round "2"]
[White "Ong, Kevin"]
[Black "Tadjerbashi, Amir"]
[Result "0-1"]
[WhiteElo "2028"]
[BlackElo "2258"]
[PlyCount "82"]

1. e4 e5 2. Nf3 Nc6 3. Bb5 a6 4. Ba4 Nf6 5. O-O Be7 6. Re1 b5 7. Bb3 O-O 8. a4
Bb7 9. d3 d6 10. Nbd2 Na5 11. Ba2 c5 12. Nf1 Re8 13. Ne3 Bf8 14. Ng5 Re7 15.
Nf5 Rc7 16. Qf3 b4 17. Qg3 g6 18. Nh3 Nh5 19. Qf3 Nf4 20. Ne3 b3 21. Bb1 bxc2
22. Bxc2 Ne6 23. Qd1 Nd4 24. Bd2 Nac6 25. Ng4 Bc8 26. f3 Rb7 27. Bc3 h5 28.
Ngf2 Bh6 29. Kh1 Rab8 30. Ng1 Qh4 31. g3 Qf6 32. Kg2 Be6 33. h4 Rxb2 34. Bxb2
Rxb2 35. Re2 Nxe2 36. Nxe2 Nb4 37. Bb1 Bb3 38. Qf1 Be3 39. Nd1 Bd4 40. Kh1 Bxd1
41. Nxd4 Rd2 0-1

[Event "Elitserien(Limhamn-Farsta)"]
[Site "?"]
[Date "2004.??.??"]
[Round "2"]
[White "Berntsen, Peter"]
[Black "Kaivanipour, Kivan"]
[Result "1-0"]
[WhiteElo "2094"]
[BlackElo "1876"]
[PlyCount "145"]

1. e4 e5 2. Nf3 Nf6 3. Nxe5 d6 4. Nf3 Nxe4 5. Qe2 Qe7 6. d3 Nf6 7. Bg5 Nbd7 8.
Nc3 h6 9. Bh4 a6 10. O-O-O Qxe2 11. Bxe2 Be7 12. d4 O-O 13. Rhe1 Re8 14. Bc4 c6
15. Re2 b5 16. Bd3 Bb7 17. Rde1 Kf8 18. Bg3 d5 19. Nh4 Bb4 20. Nf5 Rxe2 21.
Rxe2 Re8 22. Bd6+ Bxd6 23. Nxd6 Rxe2 24. Nxe2 Ba8 25. Nf5 c5 26. dxc5 Nxc5 27.
f3 Nxd3+ 28. cxd3 h5 29. Kd2 g6 30. Nfd4 Ke7 31. Kc3 Kd6 32. b4 Bb7 33. Nb3 Bc8
34. Kd4 g5 35. Nc3 Bb7 36. Nc5 Bc8 37. h3 Nd7 38. Nxd7 Bxd7 39. Nxd5 Be6 40.
Nc3 f5 41. a3 h4 42. Nd1 Bd7 43. Ne3 Be6 44. Nf1 Bd5 45. Nd2 Be6 46. f4 g4 47.
hxg4 fxg4 48. Ne4+ Kc6 49. Ke5 Bd5 50. f5 h3 51. gxh3 gxh3 52. Nf2 h2 53. f6
Bf7 54. Kf4 Kd5 55. Kg3 Ke6 56. Kxh2 Kxf6 57. Kg3 Ke5 58. Kf3 Kd4 59. Ke2 Kc3
60. Ne4+ Kb3 61. Kd2 Be6 62. Nc5+ Kxa3 63. Kc3 Bc8 64. d4 a5 65. bxa5 b4+ 66.
Kc4 Bg4 67. Kb5 b3 68. Nxb3 Kxb3 69. d5 Be2+ 70. Kb6 Kc4 71. d6 Bg4 72. a6 Kd5
73. a7 1-0

[Event "Elitserien(Eksjo-Wasa)"]
[Site "?"]
[Date "2004.??.??"]
[Round "2"]
[White "Schussler, Harry"]
[Black "von Bahr, Oskar"]
[Result "1/2-1/2"]
[WhiteElo "2475"]
[BlackElo "2382"]
[PlyCount "43"]

1. e4 c5 2. Nf3 e6 3. b3 b6 4. Bb2 Bb7 5. Nc3 a6 6. Bd3 d6 7. O-O Nc6 8. Re1
Nf6 9. Bf1 Ne5 10. g3 Be7 11. Bg2 Qc7 12. d3 h5 13. d4 Nxf3+ 14. Bxf3 cxd4 15.
Qxd4 Rc8 16. Nd1 e5 17. Qe3 b5 18. Rc1 Qd7 19. Qd3 h4 20. Ne3 hxg3 21. hxg3 g6
22. c4 1/2-1/2

[Event "Elitserien(Eksjo-Wasa)"]
[Site "?"]
[Date "2004.??.??"]
[Round "2"]
[White "Rothen, Hakan"]
[Black "Astrom, Goran"]
[Result "1-0"]
[WhiteElo "2351"]
[BlackElo "2298"]
[PlyCount "109"]

1. d4 Nf6 2. Nc3 d5 3. Bg5 Nbd7 4. e3 e6 5. a3 Be7 6. f4 O-O 7. Nf3 c5 8. Be2
b6 9. O-O Bb7 10. Ne5 Ne8 11. Bxe7 Qxe7 12. Bd3 Nxe5 13. fxe5 c4 14. Be2 f6 15.
exf6 Nxf6 16. e4 dxe4 17. Bxc4 Kh8 18. Qe2 e5 19. d5 Qc5+ 20. Kh1 Bxd5 21. Bxd5
Nxd5 22. Nxe4 Qc7 23. Ng5 Nf4 24. Qe4 g6 25. g3 h6 26. gxf4 hxg5 27. Qxe5+ Qxe5
28. fxe5 Rfe8 29. Rae1 Re6 30. Re3 Rc8 31. Rf6 Rce8 32. Rxe6 Rxe6 33. Kg2 Kg7
34. Kf3 Kf7 35. Kg4 Rc6 36. e6+ Ke7 37. c3 Rc5 38. b4 Rf5 39. c4 a6 40. Re4 a5
41. b5 Rf2 42. Kxg5 Rxh2 43. Kxg6 Ra2 44. Kf5 Rxa3 45. Rh4 Rf3+ 46. Ke5 Re3+
47. Kd5 Rd3+ 48. Kc6 Rd6+ 49. Kc7 Rxe6 50. c5 bxc5 51. b6 Kf7 52. Rf4+ Kg6 53.
b7 Re7+ 54. Kb6 Re8 55. Kxc5 1-0

[Event "Elitserien(Eksjo-Wasa)"]
[Site "?"]
[Date "2004.??.??"]
[Round "2"]
[White "Hedlund, Lars"]
[Black "Krantz, Christopher"]
[Result "1/2-1/2"]
[WhiteElo "2016"]
[BlackElo "2177"]
[PlyCount "162"]

1. Nf3 Nf6 2. c4 e6 3. g3 b6 4. Bg2 Bb7 5. O-O d6 6. Nc3 Nbd7 7. b3 Be7 8. Bb2
O-O 9. Rc1 Re8 10. Ne1 Qc8 11. d4 Bxg2 12. Nxg2 e5 13. Ne3 Bf8 14. Rc2 c6 15.
Kg2 Qc7 16. Rd2 Rad8 17. Nc2 g6 18. dxe5 dxe5 19. e4 Bh6 20. Re2 Nc5 21. Qb1 a5
22. Bc1 Bxc1 23. Qxc1 Rd3 24. Ne1 Rd7 25. Nf3 Red8 26. Qg5 Ne8 27. Qxe5 Qxe5
28. Nxe5 Rd6 29. f4 Ng7 30. Rfe1 Nge6 31. Nf3 Nd3 32. Rf1 Nexf4+ 33. gxf4 Nxf4+
34. Kf2 Nxe2 35. Kxe2 Re8 36. Ke3 f6 37. Rd1 Rxd1 38. Nxd1 Kf7 39. Nc3 h5 40.
h4 Ke6 41. Ne2 Rd8 42. Nf4+ Kf7 43. e5 Rg8 44. Ke4 Ke7 45. Nd4 fxe5 46. Nxc6+
Ke8 47. Nxe5 g5 48. Nxh5 Ke7 49. hxg5 Rxg5 50. Nf4 Rg1 51. Nf3 Ra1 52. a4 Kd6
53. Nd3 Rh1 54. Kd4 Rh5 55. Nd2 Rh4+ 56. Ne4+ Kc6 57. Ne5+ Kc7 58. Ng6 Rh3 59.
Nc3 Rh1 60. Ne5 Rh3 61. Nb5+ Kb7 62. Nd3 Kc6 63. Nc3 Rh4+ 64. Ne4 Rh1 65. Ne5+
Kc7 66. c5 Rc1 67. Nc4 Rd1+ 68. Ned2 bxc5+ 69. Kxc5 Rh1 70. Nxa5 Rh5+ 71. Kb4
Kb6 72. Nac4+ Ka6 73. Ne4 Rh6 74. Nc5+ Ka7 75. Kb5 Rh3 76. b4 Rh5 77. a5 Rg5
78. a6 Rh5 79. Na5 Rh6 80. Nc6+ Ka8 81. Na4 Rh5+ 1/2-1/2

[Event "Elitserien(Wasa-LASK)"]
[Site "?"]
[Date "2004.??.??"]
[Round "3"]
[White "Olsson, Linus"]
[Black "Astrom, Goran"]
[Result "1-0"]
[WhiteElo "2366"]
[BlackElo "2298"]
[PlyCount "78"]

1. d4 Nf6 2. c4 e6 3. g3 Bb4+ 4. Nd2 d5 5. Bg2 O-O 6. Qc2 Nbd7 7. Ngf3 c6 8.
O-O b6 9. b3 Bb7 10. Bb2 Rc8 11. e4 dxe4 12. Nxe4 Nxe4 13. Qxe4 Nf6 14. Qc2 Be7
15. Rad1 Qc7 16. Rfe1 Rfd8 17. h4 h6 18. c5 Bf8 19. Bh3 Re8 20. Ne5 Rcd8 21. b4
Nd5 22. a3 bxc5 23. dxc5 a5 24. Rd4 axb4 25. axb4 f6 26. Ng6 e5 27. Rde4 Bc8
28. Bxc8 Qxc8 29. h5 Qd7 30. Bc1 Nc7 31. Qe2 Ne6 32. Be3 Qd5 33. Qg4 Ng5 34.
Bxg5 hxg5 35. f4 gxf4 36. gxf4 Ra8 37. fxe5 fxe5 38. h6 Ra7 39. Rf1 Kh7 1-0

[Event "Elitserien(Wasa-LASK)"]
[Site "?"]
[Date "2004.??.??"]
[Round "3"]
[White "Hellborg, Teodor"]
[Black "Tikkanen, Hans"]
[Result "0-1"]
[WhiteElo "2365"]
[BlackElo "2389"]
[PlyCount "62"]

1. d4 g6 2. c4 Bg7 3. e4 d6 4. Nc3 Nc6 5. Be3 e5 6. d5 Nce7 7. c5 f5 8. cxd6
cxd6 9. Qa4+ Kf8 10. Qa3 Bh6 11. Nb5 Bxe3 12. fxe3 fxe4 13. Nxd6 Kg7 14. Bc4
Nf6 15. Ne2 Nf5 16. Nxf5+ Bxf5 17. O-O Ne8 18. Qc3 Qd6 19. Nf4 b5 20. Bxb5 Rc8
21. Bc6 Nf6 22. Rad1 exf4 23. Rxf4 Rhf8 24. b4 Kg8 25. b5 Ng4 26. h3 Ne5 27.
Qd4 Rc7 28. a4 Rcf7 29. a5 Nd3 30. Rff1 Qg3 31. d6 Bxh3 0-1

[Event "Elitserien(Wasa-LASK)"]
[Site "?"]
[Date "2004.??.??"]
[Round "3"]
[White "Johnson, Bjorn"]
[Black "Collett, Peter"]
[Result "1/2-1/2"]
[WhiteElo "2307"]
[BlackElo "2243"]
[PlyCount "37"]

1. d4 Nf6 2. c4 e6 3. Nf3 c5 4. Nc3 cxd4 5. Nxd4 Nc6 6. Ndb5 Bb4 7. Bf4 O-O 8.
Bc7 Qe7 9. Bd6 Bxd6 10. Qxd6 Qd8 11. e3 Qb6 12. Qd2 d5 13. cxd5 exd5 14. Bd3 a6
15. Nd4 Nxd4 16. exd4 Re8+ 17. Ne2 Ne4 18. Bxe4 dxe4 19. O-O 1/2-1/2

[Event "Elitserien(Wasa-LASK)"]
[Site "?"]
[Date "2004.??.??"]
[Round "3"]
[White "Riis, Jens"]
[Black "Hedlund, Lars"]
[Result "1-0"]
[WhiteElo "2234"]
[BlackElo "2016"]
[PlyCount "69"]

1. d4 e6 2. Nf3 Nf6 3. Bf4 b6 4. e3 Bb7 5. Nbd2 Be7 6. Bd3 d5 7. Ne5 c6 8. Qf3
Nbd7 9. Qh3 Nxe5 10. Bxe5 Bd6 11. f4 Qe7 12. O-O g6 13. Rf3 a6 14. Qh4 Bxe5 15.
fxe5 Nh5 16. Qf2 Rf8 17. Rf1 Rc8 18. e4 Rc7 19. c4 b5 20. exd5 cxd5 21. cxb5
axb5 22. Bxb5+ Bc6 23. Bxc6+ Rxc6 24. Nb3 Ng7 25. Nc5 Nf5 26. b4 h5 27. Rd1 Qg5
28. Ra3 Ne7 29. b5 Rc8 30. Ra7 Qg4 31. Rf1 Nf5 32. Nd7 f6 33. Nxf8 Kxf8 34. b6
Nxd4 35. Qxf6+ 1-0

[Event "Elitserien(Wasa-LASK)"]
[Site "?"]
[Date "2004.??.??"]
[Round "3"]
[White "Nystrom, Ragnar"]
[Black "Nilsson, Sebastian"]
[Result "0-1"]
[WhiteElo "1993"]
[BlackElo "2282"]
[PlyCount "64"]

1. d4 Nf6 2. Nf3 c5 3. e3 d5 4. c4 e6 5. Nc3 Nc6 6. Bd3 Bd6 7. O-O O-O 8. Re1
a6 9. h3 Qc7 10. cxd5 exd5 11. dxc5 Bxc5 12. Ne2 Rd8 13. Ned4 Be6 14. b3 Rac8
15. Bb2 Ne7 16. Rc1 Qd6 17. Bb1 Ba7 18. Qd3 Ne4 19. Rxc8 Bxc8 20. Rc1 Bb8 21.
b4 Qg6 22. Kf1 Qh5 23. Ke1 Ng6 24. Qf1 f5 25. Qe2 Re8 26. Bxe4 fxe4 27. Ng1 Qg5
28. g3 Ne5 29. Rc2 Nd3+ 30. Kd1 Rf8 31. f4 Qxg3 32. Qg2 Qe1# 0-1

[Event "Elitserien(SodraSASS-Eksjo)"]
[Site "?"]
[Date "2004.??.??"]
[Round "3"]
[White "Vernersson, Per"]
[Black "Akesson, Ralf"]
[Result "0-1"]
[WhiteElo "2493"]
[BlackElo "2564"]
[PlyCount "82"]

1. d4 Nf6 2. g3 c5 3. d5 b5 4. Bg2 Bb7 5. a4 a6 6. c4 bxc4 7. Nc3 d6 8. e4 Nbd7
9. Nf3 a5 10. h3 g6 11. O-O Bg7 12. Re1 O-O 13. Bf1 Nb6 14. Nd2 Ba6 15. Nb5
Bxb5 16. axb5 Qd7 17. Nxc4 Nxc4 18. Bxc4 Qxh3 19. Bf1 Qc8 20. Bd2 Ng4 21. Bh3
Nxf2 22. Bxc8 Nxd1 23. Bd7 Nxb2 24. Rxa5 Rxa5 25. Bxa5 Nc4 26. Bc7 Ne5 27. Bc6
Nf3+ 28. Kf1 Nxe1 29. Kxe1 Bc3+ 30. Kd1 c4 31. Kc2 Bb4 32. e5 dxe5 33. Bxe5 Bd6
34. Bxd6 exd6 35. Kc3 Rb8 36. Kxc4 Kf8 37. Kb4 Ke7 38. Ka5 h5 39. b6 g5 40. b7
h4 41. gxh4 gxh4 0-1

[Event "Elitserien(SodraSASS-Eksjo)"]
[Site "?"]
[Date "2004.??.??"]
[Round "3"]
[White "Thornert, Hakan"]
[Black "Furhoff, Johan"]
[Result "1-0"]
[WhiteElo "2281"]
[BlackElo "2416"]
[PlyCount "121"]

1. e4 e5 2. Nc3 Nc6 3. Bc4 Nf6 4. d3 Na5 5. Nge2 Nxc4 6. dxc4 d6 7. O-O Be7 8.
Qd3 O-O 9. Bd2 Nd7 10. Be3 Nc5 11. Bxc5 dxc5 12. Qg3 f6 13. Rad1 Qe8 14. Nd5
Bd8 15. Qa3 b6 16. Ng3 c6 17. Ne3 g6 18. Qd3 Bc7 19. f3 Be6 20. c3 Qf7 21. b3
f5 22. Nh1 f4 23. Nc2 b5 24. Na3 a6 25. Nf2 g5 26. Qe2 Qg7 27. Rd3 h5 28. h3
Rf6 29. Rfd1 Raf8 30. R1d2 Rg6 31. Qd1 Ba5 32. Nb1 bxc4 33. bxc4 Bxc4 34. Rd7
Rf7 35. Rxf7 Qxf7 36. Rd7 Qe6 37. Rd2 Bb5 38. a4 Bc4 39. Rb2 Qd6 40. Qc1 Rg7
41. Nd2 Be6 42. Nb3 Bxb3 43. Rxb3 c4 44. Rb2 Rd7 45. Kh2 Kg7 46. h4 gxh4 47.
Qe1 Qd4 48. Rc2 Qd6 49. Qe2 Rb7 50. Rd2 Qc7 51. Qd1 Kf8 52. Nh3 Qe7 53. Rd6
Bxc3 54. Rxc6 Kf7 55. Rd6 Kf8 56. Qd5 Kg7 57. Ng5 Be1 58. Ne6+ Kh7 59. Nf8+
Qxf8 60. Qxb7+ Kh8 61. Rxa6 1-0

[Event "Elitserien(SodraSASS-Eksjo)"]
[Site "?"]
[Date "2004.??.??"]
[Round "3"]
[White "Ornstein, Axel"]
[Black "Rothen, Hakan"]
[Result "1/2-1/2"]
[WhiteElo "2442"]
[BlackElo "2351"]
[PlyCount "46"]

1. Nf3 e6 2. g3 b6 3. Bg2 Bb7 4. O-O g6 5. c4 Bg7 6. Nc3 Ne7 7. d4 d6 8. e4 Nd7
9. Re1 e5 10. d5 O-O 11. Rb1 h6 12. Qc2 f5 13. exf5 Nxf5 14. Nd2 Nf6 15. Nde4
Bc8 16. Qd3 Nd4 17. f4 Nxe4 18. Nxe4 exf4 19. Bxf4 g5 20. Bd2 Bg4 21. Re3 Nf5
22. Ree1 Nd4 23. Re3 Nf5 1/2-1/2

[Event "Elitserien(SodraSASS-Eksjo)"]
[Site "?"]
[Date "2004.??.??"]
[Round "3"]
[White "Gustafsson, Fredrik"]
[Black "Lundvik, Jonas"]
[Result "1/2-1/2"]
[WhiteElo "2198"]
[BlackElo "2303"]
[PlyCount "129"]

1. e4 e6 2. d4 d5 3. Nc3 Nf6 4. Bg5 dxe4 5. Nxe4 Be7 6. Bxf6 gxf6 7. Nf3 b6 8.
Bb5+ c6 9. Bd3 Bb7 10. Qe2 Qc7 11. O-O-O Nd7 12. Kb1 O-O-O 13. Ba6 Rhg8 14. g3
f5 15. Bxb7+ Kxb7 16. Ned2 Bf6 17. Nc4 Rg4 18. Qe3 h5 19. Qa3 c5 20. c3 Qc6 21.
Nfe5 Bxe5 22. Nxe5 Nxe5 23. dxe5 Qe4+ 24. Kc1 a5 25. Qb3 Kc6 26. Rxd8 Qxh1+ 27.
Rd1 a4 28. Qc2 Qe4 29. Qd2 Qd5 30. Qe2 Qc4 31. Qxc4 Rxc4 32. f3 a3 33. Rd6+ Kc7
34. Kc2 axb2 35. Kxb2 Ra4 36. Kb3 b5 37. Kb2 h4 38. f4 hxg3 39. hxg3 Re4 40.
Rd3 c4 41. Rd6 Re3 42. Ra6 Rxg3 43. Ra7+ Kc6 44. Rxf7 Rf3 45. Re7 Kd5 46. Rb7
Rxf4 47. Rxb5+ Kc6 48. a4 Re4 49. Rb4 Rxe5 50. Rxc4+ Rc5 51. Rxc5+ Kxc5 52. Kc2
e5 53. Kd3 e4+ 54. Ke3 Kc4 55. Ke2 f4 56. Kd2 Kc5 57. Ke2 f3+ 58. Kf2 Kc4 59.
Ke3 Kxc3 60. a5 f2 61. Kxf2 Kd2 62. a6 e3+ 63. Kg2 e2 64. a7 e1=Q 65. a8=Q
1/2-1/2

[Event "Elitserien(SodraSASS-Eksjo)"]
[Site "?"]
[Date "2004.??.??"]
[Round "3"]
[White "Krantz, Christopher"]
[Black "Alm, Hakan"]
[Result "1-0"]
[WhiteElo "2177"]
[BlackElo "2335"]
[PlyCount "99"]

1. c4 e6 2. g3 d5 3. Bg2 Nf6 4. Nf3 Be7 5. O-O O-O 6. d4 dxc4 7. Nc3 c5 8. dxc5
Qa5 9. Qd4 Qxc5 10. Qxc5 Bxc5 11. Ne5 Nc6 12. Nxc4 Bd7 13. Bf4 Rfd8 14. Rfd1
Be8 15. Bd6 Bxd6 16. Nxd6 Rd7 17. Nxe8 Rxe8 18. Rxd7 Nxd7 19. Rc1 Kf8 20. Nb5
Ndb8 21. Bxc6 Nxc6 22. Nd6 Rb8 23. e3 Ke7 24. Nxb7 Rxb7 25. Rxc6 Rxb2 26. Rc7+
Kf6 27. Rxa7 g5 28. g4 Kg6 29. Kg2 Rc2 30. Kf3 Rb2 31. Ra8 Kg7 32. a4 Ra2 33.
h3 h6 34. a5 Ra4 35. a6 Ra2 36. a7 Kf6 37. Ke4 Ra4+ 38. Kd3 Kg7 39. f4 Kh7 40.
Kc3 Kg7 41. Kd3 Kh7 42. f5 Kg7 43. fxe6 fxe6 44. Kc3 e5 45. Kb3 Ra1 46. e4 Kh7
47. Kb4 Ra2 48. Kc5 Ra1 49. Kd5 Ra5+ 50. Kd6 1-0

[Event "Elitserien(SodraSASS-Eksjo)"]
[Site "?"]
[Date "2004.??.??"]
[Round "3"]
[White "Holmqvist, Gunnar"]
[Black "Akvist, Hakan"]
[Result "1-0"]
[WhiteElo "2382"]
[BlackElo "2132"]
[PlyCount "85"]

1. Nf3 Nf6 2. c4 c5 3. Nc3 g6 4. g3 Bg7 5. Bg2 O-O 6. O-O Nc6 7. d4 cxd4 8.
Nxd4 Nxd4 9. Qxd4 d6 10. Qd2 Re8 11. b3 Qa5 12. Nb5 Qb6 13. Bb2 a6 14. Bd4 Qd8
15. Na3 Nd7 16. Nc2 Nc5 17. Bxg7 Kxg7 18. Ne3 Rb8 19. Rfd1 Kg8 20. b4 Ne6 21.
Rac1 Bd7 22. c5 Ba4 23. Re1 dxc5 24. Nd5 cxb4 25. Qxb4 b5 26. Nc3 Qd2 27. Qa3
Bc2 28. Qb2 Nd4 29. Rcd1 Nxe2+ 30. Rxe2 Qxe2 31. Nxe2 Bxd1 32. Nd4 Rbd8 33. Nc6
Rd6 34. h4 h5 35. Qe5 Re6 36. Qd4 Bg4 37. Bd5 Re1+ 38. Kh2 e5 39. Qa7 Rf8 40.
Qxa6 e4 41. Ne5 Bf5 42. Qf6 e3 43. Nxf7 1-0